000 00525nam a2200205Ia 4500
003 OSt
005 20231201150147.0
008 210210b2007 xxu||||| |||| 00| 0 eng d
040 _cAL
041 _aeng
082 _a324.0954 APPP
100 _aAPPAIAH (Parvathy)
_9143954
245 _aPolitical processes in India
260 _aMangalore
_bJai Bharath Prakashana
_c2007
300 _aviii,236
650 _aII B A III Semester
_9143955
690 _aPolitical Process
_9143956
906 _a062116
942 _2ddc
_cBK
999 _c116746
_d116746